Statistics for Which Has More?

Click here to take the quiz!

General Stats

  • This quiz has been taken 539 times
  • The average score is 6 of 10

Answer Stats

QuestionAnswer% Correct
Snow Leopards or Pubs In The UKUK Pubs
93%
Species of Sharks or Moons of SaturnShark Species
71%
People On Earth or YouTube Views On Ed Sheeran's "Shape Of You"People On Earth
68%
Nintendo Wii Games or ER Injuries From Waterslides AnnuallyER Waterslide Injuries
66%
Pokémon Regions or Countries In OceaniaPokémon Regions
63%
Parties in Club Penguin or Countries of the WorldCountries of The World
58%
Active Volcanoes or Unique Funko PopsFunko Pops
52%
Countries in Africa, or Dependencies In The WorldDependencies
37%
McDonald's Franchises or Swedish IslandsSwedish Islands
34%
Simpsons Episodes or One Piece EpisodesOne Piece
27%

Score Distribution

Percentile by Number Answered

Percent of People with Each Score

Your Score History

You have not taken this quiz